| 000 | 00638nam a2200217 a 4500 | ||
|---|---|---|---|
| 001 | 50120 | ||
| 003 | BD-RjUL | ||
| 005 | 20211209075448.0 | ||
| 008 | 160824s1964 en 000 0 eng d | ||
| 035 | _a(BD-RjUL)50240 | ||
| 040 |
_aUKM _cUKM _dBD-RjUL _dEQO _beng |
||
| 041 | _aeng | ||
| 082 |
_a428 _bCAG 1964 |
||
| 100 | 1 |
_aCandlin, E. Frank _q(Edwin Frank). _9150738 |
|
| 245 | 1 | 0 |
_aGeneral English for technical students / _cE Frank Candlin |
| 250 | _a3rd. ed. | ||
| 260 |
_aLondon : _bUniversity of London Press, _cc1964 |
||
| 300 |
_a205 p. ; _c19 cm. |
||
| 650 |
_aEnglish language--Technical English _9150739 |
||
| 942 |
_2ddc _cBK |
||
| 999 |
_c50120 _d50120 |
||